00313nam a2200121Ia 4500008004100000082001700041100002200058245005000080250000800130260003000138300000800168650001500176191201s2008 xx 000 0 und d a620.112bJAS aJAIN, Ashok Kumar 0aStrength of Materials and structural Analysis aRev aN. DelhibNem Chandc2008 a665 aB.Tech(CE)